000 00329nam a22000977a 4500
008 150724b xxu||||| |||| 00| 0 eng d
010 _8HCCRSARF: 037
245 _aHIGH COURT CRIMINAL SESSION No.114 of 1977 Uganda Vs 1. Patrick Waiswa 2. John Kalimpa
260 _aHigh Court Kampala
500 _3Before: Hon. Mr. Justice F.M. Ssekandi
999 _c8129
_d8129